000 00678nam a22001457a 4500
999 _c80238
_d80238
008 201130b ||||| |||| 00| 0 eng d
040 _bger
_cSTAFF
_erda
_aSTAFF
100 _avon Riegen, Oliver
245 _aBrandenburg engt Lockerung der Corona-Regeln zeitlich ein
_bPandemie: Treffen von bis zu zehn Menschen gilt nur über die Weihnachtsfeiertage. Maskenpflicht in Schulen und Öffentlichkeit wird ausgeweitet.
_cOliver von Riegen
773 _dFrankfurt (Oder): Märkisches Verlags- und Druckhaus GmbH & Co KG
_g31. Jahrgang (2020) Nr. 278 vom 28/29.11.2020, S. 1
_tMärkische Oderzeitung
942 _cA